LEADER 01223nam 2200397 450 001 9910155231003321 005 20170808085011.0 010 $a1-63485-974-X 035 $a(CKB)3710000000973796 035 $a(MiAaPQ)EBC4787226 035 $a(EXLCZ)993710000000973796 100 $a20170125h20172017 uy 0 101 0 $aeng 135 $aurcnu|||||||| 181 $2rdacontent 182 $2rdamedia 183 $2rdacarrier 200 00$aDisinfectants $eproperties, applications and effectiveness /$fAna Sofia Cardoso [and three others] editors 210 1$aNew York :$cNova Publishers,$d2017. 210 4$dİ2017 215 $a1 online resource (333 pages) 225 1 $aBacteriology Research Developments 311 $a1-63485-958-8 320 $aIncludes bibliographical references at the end of each chapters and index. 410 0$aBacteriology research developments series. 606 $aDisinfection and disinfectants 615 0$aDisinfection and disinfectants. 676 $a614.48 702 $aCardoso$b Ana Sofia 801 0$bMiAaPQ 801 1$bMiAaPQ 801 2$bMiAaPQ 906 $aBOOK 912 $a9910155231003321 996 $aDisinfectants$9767147 997 $aUNINA LEADER 00842nas 2200313-a 450 001 996536371403316 005 20240413030328.0 011 $a0924-9648 035 $a(CKB)991042730765382 035 $a(CONSER)---91651142- 035 $a(EXLCZ)99991042730765382 100 $a19911203a19909999 --- c 101 0 $adut 200 00$aHP/de tijd 210 $aAmsterdam $cHP/De Tijd BV$d1990- 215 $a1 online resource 300 $aTitle from cover. 300 $aSome issues accompanied by a compact disc. 311 08$aPrint version: HP/de tijd (DLC)---91651142- (OCoLC)24884584 517 0 $aHP de tijd 517 1 $aHP 517 1 $aTijd 606 $aWeekbladen$2gtt 615 17$aWeekbladen. 906 $aJOURNAL 912 $a996536371403316 920 $aexl_impl conversion 996 $aHP$91099815 997 $aUNISA LEADER 05028nam 22007455 450 001 9911015969503321 005 20250721130851.0 010 $a3-031-93631-0 024 7 $a10.1007/978-3-031-93631-9 035 $a(CKB)39698413100041 035 $a(MiAaPQ)EBC32227314 035 $a(Au-PeEL)EBL32227314 035 $a(DE-He213)978-3-031-93631-9 035 $a(OCoLC)1528961577 035 $a(EXLCZ)9939698413100041 100 $a20250721d2025 u| 0 101 0 $aeng 135 $aur||||||||||| 181 $ctxt$2rdacontent 182 $cc$2rdamedia 183 $acr$2rdacarrier 200 10$aArtificial Life and Evolutionary Computation $e18th Italian Workshop, WIVACE 2024, Namur, Belgium, September 11?13, 2024, Revised Selected Papers /$fedited by Timoteo Carletti, Thierry-Sainclair Njougouo, Elio Tuci 205 $a1st ed. 2025. 210 1$aCham :$cSpringer Nature Switzerland :$cImprint: Springer,$d2025. 215 $a1 online resource (463 pages) 225 1 $aCommunications in Computer and Information Science,$x1865-0937 ;$v2532 311 08$a3-031-93630-2 327 $a -- Emergent Dynamics in Heterogeneous Life-Like Cellular Automata. -- Autonomous Traffic Management: Integrating Vissim Traffic Model with a Swarm of Drones. -- Analysing Opinion Dynamics via a Cognitive Model of Structured Beliefs. -- When is Reservoir Computing with Cellular Automata Beneficial?. -- Chemotactic swarming of C. elegans as a collective decision-making process. -- Factors Impacting Landscape Ruggedness in Control Problems: a Case Study. -- Steps to chemically embodied cognition. -- Benchmarking Decision-Making Mechanisms for Site Selection. -- Emergent Naming System in an Unknown Dynamic Environment: a Collective Perception Scenario. -- Mixed-variable surrogate-based optimization using affinity features toimprove the distance for categorical variables. -- Using pseudo-attractors of genetic regulatory networks to analyze biological data. -- Costs of Information Gathering Strategies and Their Impact on Animal Dispersal. -- Cooperation in Evolved Modular Soft Robots. .-Energy-Aware Neural Architecture Search: Leveraging Genetic Algorithms for Balancing Performance and Consumption. -- Explainable Multi-label Classification for Predictive Maintenance. -- Cross-Entropy Regularization with Mutual Information in Training CNNs. -- Implementation of the response to synchronization in e-puck2 robots. -- Attractive-repulsive challenge in swarmalators with time-dependent speed. -- A ?Plug and Play? Table for Composable Molecular Neural Networks Built with DNA. -- Educational Robotics: from Computational to Complexity Thinking. -- An Ecological Model of Cancer Development and Control. -- Stability of Input Representations in Biological Neural Network Reservoirs. -- Latent agency: A proto-cognitive property of autonomous systems. 330 $aThis book constitutes revised selected papers from the 18th Italian Workshop on Artificial Life and Evolutionary Computation, WIVACE 2024, which took place in Namur, Belgium, during September 11-13, 2024. The 23 full papers included in this book were carefully reviewed and selected from 40 submissions.The workshop brings together computer scientists, mathematicians, biologists, psychologists, and cognitive scientists to discuss issues related to the original of life, evolution and adaption, collective and social behaviours and other topics related to the development of technological solutions inspired by biological principles. 410 0$aCommunications in Computer and Information Science,$x1865-0937 ;$v2532 606 $aArtificial intelligence 606 $aComputer science$xMathematics 606 $aComputer science 606 $aComputer engineering 606 $aComputer networks 606 $aComputers, Special purpose 606 $aArtificial Intelligence 606 $aMathematics of Computing 606 $aTheory of Computation 606 $aComputer Engineering and Networks 606 $aComputer Communication Networks 606 $aSpecial Purpose and Application-Based Systems 615 0$aArtificial intelligence. 615 0$aComputer science$xMathematics. 615 0$aComputer science. 615 0$aComputer engineering. 615 0$aComputer networks. 615 0$aComputers, Special purpose. 615 14$aArtificial Intelligence. 615 24$aMathematics of Computing. 615 24$aTheory of Computation. 615 24$aComputer Engineering and Networks. 615 24$aComputer Communication Networks. 615 24$aSpecial Purpose and Application-Based Systems. 676 $a006.3 700 $aCarletti$b Timoteo$01834510 701 $aNjougouo$b Thierry-Sainclair$01834511 701 $aTuci$b Elio$01327915 801 0$bMiAaPQ 801 1$bMiAaPQ 801 2$bMiAaPQ 906 $aBOOK 912 $a9911015969503321 996 $aArtificial Life and Evolutionary Computation$94410006 997 $aUNINA